| 000 | 00801cam a22002533a 4500 | ||
|---|---|---|---|
| 001 | 22370 | ||
| 003 | PGUSA | ||
| 005 | 20140828083457.0 | ||
| 008 | 070821s2007||||xxu|||||s|||||000 1 eng d | ||
| 040 |
_aPGUSA _beng |
||
| 042 | _adc | ||
| 050 | 4 | _aPZ | |
| 100 | 1 | _aCurtis, Alice Turner | |
| 245 | 1 | 2 |
_aA Little Maid of Old Philadelphia _h[electronic resource] / _cAlice Turner Curtis |
| 260 |
_bProject Gutenberg, _c2007 |
||
| 506 | _aPublic domain in the USA. | ||
| 516 | _aElectronic text | ||
| 653 | _aPennsylvania -- History -- Revolution, 1775-1783 -- Juvenile fiction | ||
| 653 | _aUnited States -- History -- Revolution, 1775-1783 -- Juvenile fiction | ||
| 700 | 1 | _aCooke, Edna | |
| 830 | 0 |
_aProject Gutenberg _v22370 |
|
| 856 | 4 | 0 | _uhttp://www.gutenberg.org/ebooks/22370 |
| 942 | _cEB | ||
| 999 |
_c251625 _d251625 |
||